[Event "Challenge"]
[Site "http://www.queenalice.com/game.php?id=1821619"]
[Date "2023.9.25"]
[Round "-"]
[White "chyco"]
[Black "Mr_SPOCK"]
[Result "1-0"]
[WhiteElo "1535"]
[BlackElo "1761"]

1. e4 e5 2. Nf3 Bc5 3. Nxe5 Qf6 4. Nf3 Nc6 5. c3 Ne5 6. b4 Bb6 7. d4 Nc6 8. Na3
Nh6 9. Bc4 a5 10. b5 Nb8 11. Bg5 Qg6 12. Bd3 d6 13. O-O Bg4 14. h4 f6 15. e5 f5
16. exd6 O-O 17. Bc4+ Kh8 18. Qd2 Nd7 19. dxc7 Bxc7 20. Qe3 Rae8 21. Qd3 Nf7 22.
Bd5 Nb6 23. Bxb7 Nd6 24. Ne5 Rxe5 25. dxe5 Ndc4 26. Nxc4 Nxc4 27. Qxc4 Bxe5 28.
Rae1 Bd6 29. Re6 Qf7 30. Bd5 f4 31. Rxd6 Qh5 32. f3 Bf5 33. Qd4 h6 34. Rxh6+
Qxh6 35. Bxh6 Rg8 36. Bxg8 Kxg8 37. Qxg7# 1-0

[Event "Challenge"]
[Site "http://www.queenalice.com/game.php?id=1821885"]
[Date "2023.9.29"]
[Round "-"]
[White "Leanne"]
[Black "chyco"]
[Result "1-0"]
[WhiteElo "1449"]
[BlackElo "1533"]

1. Nf3 d5 2. d4 f6 3. c4 e6 4. cxd5 exd5 5. Nc3 c6 6. g3 Bg4 7. Bg2 Na6 8. Qa4
b5 9. Nxb5 Qb6 10. Nc3 Ne7 11. O-O Bf5 12. Ne5 fxe5 13. dxe5 Ng6 14. Bxd5 Rc8
15. e6 Ne7 16. Bxc6+ Rxc6 17. e4 Bxe6 18. Nb5 Rc4 19. Nd6+ Kd8 20. Nxc4 Qc6 21.
Qxc6 Nxc6 22. b3 Bc5 23. Bg5+ Kc7 24. Be3 Bxe3 25. Nxe3 Re8 26. Rfd1 Bf7 27.
Nd5+ Kc8 28. f3 Bh5 29. g4 Bf7 30. b4 Rd8 31. b5 Ne5 32. Ne7+ Kc7 33. Rac1+ Kb6
34. Rxd8 Nb4 35. Rb8+ Ka5 36. Nc6+ Nbxc6 37. bxc6 Nxf3+ 38. Kf2 Ne5 39. Rc5+ Ka4
40. Rxe5 Bxa2 41. c7 Bc4 42. c8=Q Bd3 43. Qc1 h6 44. Qa1# 1-0

[Event "Challenge"]
[Site "http://www.queenalice.com/game.php?id=1821886"]
[Date "2023.9.29"]
[Round "-"]
[White "chyco"]
[Black "Leanne"]
[Result "0-1"]
[WhiteElo "1555"]
[BlackElo "1465"]

1. e4 Nc6 2. Bc4 Ne5 3. Bb3 d6 4. Nc3 e6 5. Qe2 Ne7 6. f4 N5c6 7. Qc4 d5 8. exd5
exd5 9. Qe2 g6 10. Ba4 Be6 11. a3 Bg7 12. Nf3 O-O 13. O-O Nd4 14. Nxd4 Bxd4+ 15.
Kh1 Nf5 16. b4 Qh4 17. g3 Nxg3+ 18. Kg2 Nxe2 19. Nxe2 Qh3+ 20. Kh1 Qxf1+ 0-1

[Event "Dnocs(1)"]
[Site "http://www.queenalice.com/game.php?id=1822695"]
[Date "2023.10.9"]
[Round "-"]
[White "wj64"]
[Black "chyco"]
[Result "1-0"]
[WhiteElo "1605"]
[BlackElo "1560"]

1. e4 e5 2. Bc4 a6 3. a3 b5 4. Ba2 Nf6 5. d3 g6 6. g4 d6 7. b4 h6 8. Qf3 Bxg4 9.
Qg3 h5 10. Bg5 Nc6 11. Bd5 Qd7 12. Bxf6 Rh7 13. h3 Rb8 14. hxg4 Nd4 15. Kd2 c6
16. Ba2 Qe6 17. Bxe6 Nxe6 18. Qe3 Rb7 19. g5 Nd4 20. Qh3 Rc7 21. c3 Nb3+ 22. Kc2
Nxa1+ 23. Kb2 c5 24. Kxa1 cxb4 25. axb4 Ra7 26. Qc8# 1-0

[Event "Dnocs(2)"]
[Site "http://www.queenalice.com/game.php?id=1822696"]
[Date "2023.10.9"]
[Round "-"]
[White "chyco"]
[Black "wj64"]
[Result "0-1"]
[WhiteElo "1546"]
[BlackElo "1619"]

1. e4 c5 2. e5 Nc6 3. f4 e6 4. a3 d6 5. Bb5 Bd7 6. exd6 Nd4 7. Bd3 Bxd6 8. g3
Bc6 9. Qg4 g6 10. b4 Bxh1 11. c3 Nc6 12. b5 Nce7 13. c4 Nh6 14. Qg5 Nhg8 15. Nc3
b6 16. a4 Bc7 17. Be4 Bxe4 18. Nxe4 Qd4 19. Nc3 Qxg1+ 20. Ke2 Qxh2+ 21. Kd3
O-O-O+ 22. Kc2 Rd3 23. Kxd3 Qg1 24. Ne2 Qh1 25. Bb2 Qf3+ 26. Kc2 Qe4+ 27. Kd1 h6
28. Bxh8 hxg5 29. fxg5 Qh1+ 30. Kc2 Qxh8 31. Rf1 Nf5 32. g4 Nd4+ 33. Nxd4 Qxd4
34. Rxf7 Qd8 35. Rg7 Qe8 36. Rh7 Kb7 37. Rh3 e5 38. Re3 Qe6 0-1

[Event "Challenge"]
[Site "http://www.queenalice.com/game.php?id=1823008"]
[Date "2023.10.15"]
[Round "-"]
[White "Mr_SPOCK"]
[Black "chyco"]
[Result "1-0"]
[WhiteElo "1762"]
[BlackElo "1514"]

1. e4 g6 2. e5 e6 3. d4 h5 4. Nf3 c5 5. Bb5 a6 6. Bc4 b5 7. Bd3 c4 8. Be4 Ra7 9.
Bg5 Qa5+ 10. c3 b4 11. O-O Be7 12. Nbd2 d6 13. Nxc4 Qb5 14. b3 d5 15. a4 Qd7 16.
Bxd5 exd5 17. Ne3 a5 18. c4 dxc4 19. bxc4 Nc6 20. d5 Nb8 21. Qc2 Bxg5 22. e6 Qd6
23. Nxg5 Ne7 24. Nxf7 Rf8 25. Nxd6+ Kd8 26. c5 Ba6 27. c6 Kc7 28. Nb5+ Bxb5 29.
axb5 h4 30. Qc5 Nf5 31. Qxa7+ Kd6 32. Rad1 Ne7 33. Nc4# 1-0

[Event "Relance 1"]
[Site "http://www.queenalice.com/game.php?id=1823158"]
[Date "2023.10.17"]
[Round "-"]
[White "wj64"]
[Black "chyco"]
[Result "1-0"]
[WhiteElo "1651"]
[BlackElo "1508"]

1. e4 e5 2. Nc3 c6 3. Nf3 f6 4. d3 b5 5. g3 g5 6. Bg2 b4 7. Ne2 a5 8. O-O Ne7 9.
d4 d6 10. h3 Nd7 11. d5 cxd5 12. exd5 Ra7 13. Be3 Ra6 14. Nc1 Bb7 15. Nd2 Bxd5
16. Nd3 Bxg2 17. Qh5+ Ng6 18. Kxg2 d5 19. f4 e4 20. Nf2 Rc6 21. Rac1 gxf4 22.
Bxf4 Qe7 23. Qxd5 Rc5 24. Qxe4 Nxf4+ 25. gxf4 Rg8+ 26. Ng4 h5 27. Rfe1 Kf7 28.
Qh7+ Rg7 29. Qxg7+ Bxg7 30. Rxe7+ Kxe7 31. Ne3 Bh6 32. Rf1 Ke6 33. f5+ Ke5 34.
Ndc4+ Kd4 35. Rd1+ Ke4 36. Rxd7 Bxe3 37. Nd6+ Kf4 38. c4 Rc6 39. b3 Ke5 40. Kf3
Bc5 41. Nb5 Kxf5 42. Rg7 Re6 43. Rg2 Re3+ 44. Kf2 Rxb3+ 45. Kf1 Rf3+ 46. Ke1
Rxh3 47. Rd2 Rh1+ 48. Ke2 Rh2+ 49. Kd3 Rxd2+ 50. Kxd2 Kf4 51. Ke2 h4 52. Nc7 Kg3
53. Nd5 h3 54. Nxf6 Bd4 55. Ne4+ Kg2 56. Ng5 h2 57. Nf3 h1=Q 58. Ne1+ Kg3 59. c5
Qe4+ 60. Kf1 Qf4+ 61. Ke2 Bxc5 62. Kd1 a4 63. Nd3 Qf1+ 64. Ne1 Kf2 65. Kd2 Qxe1+
66. Kd3 Qc3+ 67. Ke4 1-0

[Event "Revanche 2"]
[Site "http://www.queenalice.com/game.php?id=1823159"]
[Date "2023.10.17"]
[Round "-"]
[White "chyco"]
[Black "wj64"]
[Result "0-1"]
[WhiteElo "1498"]
[BlackElo "1661"]

1. e4 e5 2. g4 Qf6 3. f3 Nc6 4. c3 Bc5 5. b4 Qh4+ 6. Ke2 Be7 7. Qe1 Qf6 8. d3 h6
9. h4 Qd6 10. a3 b5 11. h5 Nf6 12. Kf2 Ba6 13. Nd2 Nh7 14. Nb3 O-O-O 15. Be3 Qe6
16. Qd1 d5 17. a4 Kd7 18. axb5 Bxb5 19. exd5 Qxd5 20. c4 Bxc4 21. dxc4 Qxd1 22.
Rxd1+ Kc8 23. Rxd8+ Rxd8 24. c5 Nxb4 25. Bb5 c6 26. Ba4 Nf6 27. Ne2 Kc7 28. Na5
Nfd5 29. Nc4 Nxe3 30. Kxe3 Bxc5+ 31. Ke4 Nd5 32. Na5 Nb4 33. Ng3 f6 34. Nf5 Bf8
35. Rc1 c5 36. Bb5 Kb6 37. Nc4+ Kxb5 38. Ra1 a6 39. Nfe3 Nd3 40. Ra5+ Kc6 41.
Rxa6+ Kb7 42. Rb6+ Kc7 43. Ra6 Rd4+ 44. Kf5 Nf4 45. Ra7+ Kb8 46. Ra6 Rd7 47.
Rb6+ Kc7 48. Re6 Nxe6 49. Kxe6 Kc6 50. Na5+ Kc7 51. Nec4 Rd3 52. Kf7 Bd6 53.
Kxg7 Rxf3 54. Kxh6 e4 55. Kg7 e3 56. h6 e2 57. h7 e1=Q 58. h8=Q Qe7+ 59. Kg6
Qe4+ 60. Kg7 Qxg4+ 61. Kf7 Qd7+ 62. Kg6 Qf5+ 63. Kf7 Qd5+ 64. Kg6 Rg3+ 65. Kh6
Qh1# 0-1

[Event "Challenge"]
[Site "http://www.queenalice.com/game.php?id=1824097"]
[Date "2023.10.28"]
[Round "-"]
[White "chyco"]
[Black "Mr_SPOCK"]
[Result "0-1"]
[WhiteElo "1489"]
[BlackElo "1786"]

1. e4 e5 2. g3 Nf6 3. f3 Bc5 4. a3 a5 5. Bc4 d5 6. exd5 Nxd5 7. Qe2 O-O 8. Qe4
c6 9. g4 b5 10. Ne2 bxc4 11. Qxc4 Qh4+ 12. Ng3 Nd7 13. Qe4 N7f6 14. Qc4 Nd7 15.
Nc3 Nf4 16. Ne4 Ng2+ 17. Kd1 Ba6 18. Qc3 a4 19. Nxc5 Bc8 20. Nce4 Bb7 21. d3
Rfc8 22. Bg5 Qh3 23. Qd2 c5 24. Kc1 c4 25. Nf2 cxd3 26. Nxh3 Rxc2+ 27. Qxc2 dxc2
28. Ne4 Rc8 29. Nd6 Bxf3 30. Nxc8 Be4 31. Rf1 Nc5 32. Rf2 Nb3# 0-1